Black Ops 3 Zombies Wonder Weapons - Statistics

General Stats
  • This quiz has been taken 51 times
  • The average score is 3 of 6
Answer Stats
Picture Answer % Correct
Thundergun
96%
GKZ-45 Mk3
74%
Wrath of the Ancients
67%
KT-4
50%
The Apothican Servant
43%
Wunderwaffe DG-3
11%
No matching quizzes found
Score Distribution
Percent of People with Each Score
Percentile by Number Answered
Your Score History
You have not taken this quiz